Milliyetçilik ve sonrası / (Record no. 12605)

MARC details
000 -BAŞLIK
Sabit Uzunlukta Kontrol Alanı 00734nam a22002417a 4500
999 ## - SİSTEM KONTROL NUMARALARI (KOHA)
Koha Biblionumber 12605
Koha Biblioitemnumber 12605
003 - KONTROL NUMARASI IDENTIFIER
Denetim Alanı MIRAKIL
005 - SON İŞLEM TARİHİ VE ZAMANI
Denetim Alanı 20190110151950.0
008 - SABİT-BOY VERİ ELEMANLARI - GENEL BİLGİLER
Sabit Uzunlukta Kontrol Alanı 190110b tu ||||| |||| 00| 0 tur d
020 ## - ULUSLARARASI STANDART KİTAP NUMARASI
Uluslararası Standart Kitap Numarası 975470029x
040 ## - KATALOGLAMA KAYNAK
Orijinal Kataloglama Ajansı TR-AnCHP
Metne Dönüştürmek Ajansı TR-AnCHP
041 ## - DİL KODU
Metin / Ses Parça Veya Ayrı Başlığın Dil Kodu TUR
082 ## - DEWEY ONLU SINIFLANDIRMA NUMARASI
Sınıflandırma Numarası 320.54
Ürün Numarası C26m 190
100 ## - ANA GİRİŞ - KİŞİSEL İSİM
Kişisel Ad Carr, Edward Hallett
245 10 - BAŞLIK TABLOSU
Başlık Milliyetçilik ve sonrası /
Sorumluluk Tablosu, Vb Edward Hallett Carr ; çeviren Osman Akın
260 ## - YAYIN, DAĞITIM, VB
Yayın, Dağıtım, Vb Yeri İstanbul :
Yayıncı, Dağıtıcı, Vs Adı İletişim yayınları,
Yayın, Dağıtım, Vb Tarihi 1990.
300 ## - FİZİKSEL TANIM
Kapsam 80, [3] s. ;
Boyutlar 20 sm.
490 0# - SERİSİ TABLOSU
Seri Beyanı İletişim yayınları
490 0# - SERİSİ TABLOSU
Seri Beyanı Araştırma-İnceleme dizisi
650 #0 - KONU KATMA GİRİŞ - TOPİKAL DÖNEM
9 (RLIN) 1158
Topikal Süreli Veya Coğrafi Ad Giriş Elemanı Siyasal bilimler
Genel Alt Bölümü Kavramlar
650 #0 - KONU KATMA GİRİŞ - TOPİKAL DÖNEM
9 (RLIN) 678
Topikal Süreli Veya Coğrafi Ad Giriş Elemanı Milliyetçilik
700 ## - KATMA GİRİŞ - KİŞİSEL İSİM
9 (RLIN) 1157
Kişisel Ad Akın, Osman
Relator Terim çev.
942 ## - EKLENDİ GİRİŞ ELEMANLARI (KOHA)
Sınıflandırma Veya Raf Düzeni Kaynak Dewey Decimal Classification
Koha Öğesi Türü Books
Holdings
Kalıcı Konum Mevcut Konum Edinme Tarihi Toplam Check-Out'Lar Tam Çağrı Numarası Barkod Tarih Son Görülme İtibaren Geçerli Fiyatlar Koha Öğesi Türü
Parti Okulu Kütüphanesi Parti Okulu Kütüphanesi 01/10/2019   320.54 C26m 190 P00275 01/10/2019 01/10/2019 Books